Histoire du christianisme en France : Des Gaules à l'époque contemporaine (notice n° 2198791)

détails MARC
000 -LEADER
fixed length control field 01636cam a2200145 4500500
005 - DATE AND TIME OF LATEST TRANSACTION
control field 20260405085605.0
041 ## - LANGUAGE CODE
Language code of text/sound track or separate title fre
042 ## - AUTHENTICATION CODE
Authentication code dc
100 10 - MAIN ENTRY--PERSONAL NAME
Personal name Tallon, Alain
Relator term author
245 00 - TITLE STATEMENT
Title Histoire du christianisme en France : Des Gaules à l'époque contemporaine
260 ## - PUBLICATION, DISTRIBUTION, ETC.
Name of publisher, distributor, etc. Armand Colin,<br/>
Date of publication, distribution, etc. 2014.<br/>
520 ## - SUMMARY, ETC.
Summary, etc. Cet ouvrage propose une vue d’ensemble de la longue histoire du christianisme en France et expose en une synthèse sans équivalent la progressive implantation de cette religion, la mise en place des institutions par lesquelles elle assura l’encadrement de la population, son influence sur la société et la culture, ses relations complexes avec les pouvoirs en place au fur et à mesure de leur affirmation, alors que l’Église s’était dotée pour sa part d’un gouvernement centralisé à l’échelle de l’Occident. Les auteurs, qui tous ont contribué au renouvellement de l’histoire religieuse, envisagent, des origines à nos jours, l’ensemble des familles chrétiennes, au fil de leur apparition, de la faible présence des communautés ariennes jusqu’aux diverses églises réformées, en passant par la dissidence médiévale ; ils restituent au catholicisme français toute sa diversité et la complexité de son évolution au cours des siècles, présentant également les relations que cette religion, longuement dominante, a entretenues avec les autres confessions (judaïsme et islam) et les courants athées.
700 10 - ADDED ENTRY--PERSONAL NAME
Personal name Vincent, Catherine
Relator term author
856 41 - ELECTRONIC LOCATION AND ACCESS
Uniform Resource Identifier <a href="https://shs.cairn.info/histoire-du-christianisme-en-france--9782200290665?lang=fr&redirect-ssocas=7080">https://shs.cairn.info/histoire-du-christianisme-en-france--9782200290665?lang=fr&redirect-ssocas=7080</a>

Pas d'exemplaire disponible.

PLUDOC

PLUDOC est la plateforme unique et centralisée de gestion des bibliothèques physiques et numériques de Guinée administré par le CEDUST. Elle est la plus grande base de données de ressources documentaires pour les Étudiants, Enseignants chercheurs et Chercheurs de Guinée.

Adresse

627 919 101/664 919 101

25 boulevard du commerce
Kaloum, Conakry, Guinée

Réseaux sociaux

Powered by Netsen Group @ 2025